La caja de herramientas : (Registro nro. 54298)
[ vista simple ]
| 000 -LEADER | |
|---|---|
| fixed length control field | 01119cam a2200313 i 4500 |
| 001 - CONTROL NUMBER | |
| control field | 54298 |
| 003 - CONTROL NUMBER IDENTIFIER | |
| control field | Mx-PuUPA |
| 005 - DATE AND TIME OF LATEST TRANSACTION | |
| control field | 20240410104044.0 |
| 008 - FIXED-LENGTH DATA ELEMENTS--GENERAL INFORMATION | |
| fixed length control field | 140415s2011 mx ad gr 001 0 spa d |
| 020 ## - INTERNATIONAL STANDARD BOOK NUMBER | |
| International Standard Book Number | 9786074383706 |
| 040 ## - CATALOGING SOURCE | |
| Original cataloging agency | Mx-PuUPA |
| Language of cataloging | spa |
| Transcribing agency | Mx-PuUPA |
| Modifying agency | Mx-PuUPA |
| Description conventions | rda |
| 041 1# - LANGUAGE CODE | |
| Language code of text/sound track or separate title | spa |
| Language code of original | eng |
| 100 1# - MAIN ENTRY--PERSONAL NAME | |
| Personal name | Stern, Patrice, |
| 9 (RLIN) | 9828 |
| Relator term | autor |
| 240 10 - UNIFORM TITLE | |
| Uniform title | La boîte à outils du management. |
| Language of a work | Español |
| 245 13 - TITLE STATEMENT | |
| Title | La caja de herramientas : |
| Remainder of title | administración / |
| Statement of responsibility, etc. | Ptrice Stern, Jean-Marc Schoettl |
| 250 ## - EDITION STATEMENT | |
| Edition statement | Primera edición |
| 264 #4 - PRODUCTION, PUBLICATION, DISTRIBUTION, MANUFACTURE, AND COPYRIGHT NOTICE | |
| Place of production, publication, distribution, manufacture | México, D.F. : |
| Name of producer, publisher, distributor, manufacturer | Grupo Editorial Patria, |
| Date of production, publication, distribution, manufacture, or copyright notice | ©2011 |
| 300 ## - PHYSICAL DESCRIPTION | |
| Extent | x, 179 páginas : |
| Other physical details | ilustraciones, diagramas ; |
| Dimensions | 24 cm |
| 336 ## - CONTENT TYPE | |
| Content type term | texto |
| Fuente | rdacontent |
| Content type code | txt |
| 337 ## - MEDIA TYPE | |
| Media type term | sin medio |
| Source | rdamedia |
| Media type code | n |
| 338 ## - CARRIER TYPE | |
| Carrier type term | volumen |
| Source | rdacarrier |
| Carrier type code | nc |
| 490 0# - SERIES STATEMENT | |
| Series statement | Colección La caja de herramientas |
| 650 ## - SUBJECT ADDED ENTRY--TOPICAL TERM | |
| Topical term or geographic name entry element | Administración |
| 700 1# - ADDED ENTRY--PERSONAL NAME | |
| Personal name | Schoettl, Jean-Marc, |
| Relator term | autor |
| 765 18 - ORIGINAL LANGUAGE ENTRY | |
| Main entry heading | Stern, Patrice, |
| Place, publisher, and date of publication | Paris : [Editor no identificado], 2009 |
| Title | La boîte à outils du management. |
| 942 ## - ADDED ENTRY ELEMENTS (KOHA) | |
| Source of classification or shelving scheme | Dewey Decimal Classification |
| Koha item type | Libro |
| Classification part | 658 |
| Item part | S7991 |
| Withdrawn status | Lost status | Source of classification or shelving scheme | Damaged status | Not for loan | Collection code | Home library | Current library | Shelving location | Date acquired | Total Checkouts | Full call number | Barcode | Date last seen | Price effective from | Koha item type |
|---|---|---|---|---|---|---|---|---|---|---|---|---|---|---|---|
| Dewey Decimal Classification | Consulta en sala | General | Tehuacán | Tehuacán | Sala general | 26/08/2019 | 658 S7991 2011 | 968000000188 | 08/01/2025 | 26/08/2019 | Reserva permanente |